El sueño del neandertal : por qué se extinguieron los neandertales y nosotros sobrevivimos /
Guardado en:
| Autor Principal: | |
|---|---|
| Formato: | Libro |
| Publicado: |
Barcelona :
Crítica,
2010
|
| Materias: | |
| Etiquetas: |
Agregar Etiqueta
Sin Etiquetas, Sea el primero en etiquetar este registro!
|
| LEADER | 00643nam a22002175a 4500 | ||
|---|---|---|---|
| 001 | CEM.cems014380 | ||
| 008 | 130507s2010##################000#0#####d | ||
| 005 | 20210804195454.0 | ||
| 003 | CEMS | ||
| 245 | 1 | 0 | |a El sueño del neandertal : |b por qué se extinguieron los neandertales y nosotros sobrevivimos / |c Clive Finlayson |
| 260 | |a Barcelona : |b Crítica, |c 2010 | ||
| 300 | |a 237 p. | ||
| 590 | |a 1244.014 | ||
| 020 | |a 9788498921465 | ||
| 100 | 1 | |a Finlayson, Clive | |
| 653 | |a Prehistoria | ||
| 653 | |a Antropología | ||
| 653 | |a Historia | ||
| 653 | |a Neandertal | ||
| 653 | |a Biblioteca TC | ||
| 859 | |a CEMS |b BIB. CEMS - 11 de abril |h TC |p 1244.014 |t Ej.1 | ||
